Регионална библиотека "Любен Каравелов" - Русе

Историята на доктор Дулитъл, в която се разказва за неговия чудноват живот в родината и за удивителните му приключения в далечни и непознати страни (Запис номер 545)

MARC детайли
000 -Лидер
Контролно поле с фиксирана дължина nam a22 a 4500
003 - Код на организацията, давaща контролен номер
Контролно поле BLK
005 - Дата и час на последна редакция
Контролно поле 20230126123529.0
008 - Елементи от данни с фиксирана дължина
fixed length control field 180412b bul|||||r ||||||| ||bul||
010 ## - Наследен системен номер
LC control number KNG00000947000
020 ## - Международен стандартен номер на книга ISBN
Международен стандартен номер на книга ISBN 954-404-052-8
040 ## - Източник на каталожния запис
Идентификатор на билиотеката - собственик на записа BLK
041 ## - Код за език
Код за езика на текст/звукозапис или на отделно заглавие Български
Код за езика КДБФ Български
080 ## - УДК
Текстов определител УДК Английска литература
УДК код - определител по УДК 821.111
УДК определител -93-32
УДК - код + определител 821.111-93-32
100 1# - Редна дума - Автор
Автор Лофтинг, Хю Джон
Авторска отговорност първи автор
R(LIN) 89675
139 ## - Редно поле
Редна дума Лофтинг, Хю Джон
Авторски знак Лот - Л 84
245 10 - Сведения за заглавието
Заглавие Историята на доктор Дулитъл, в която се разказва за неговия чудноват живот в родината и за удивителните му приключения в далечни и непознати страни
Редно поле (дума) Хю Джон Лофтинг; прев. от англ. Жени Панайотова Божилова; ил. Хю Джон Лофтинг.
250 ## - Област на изданието
Сведения за изданието 4. изд.
257 ## - Страна на издаване
Страна на създаване/издаване Великобритания
260 ## - Област на издателските данни
Място на издаване, разпространение и проч. София
Име на издателя, разпространителя и проч. Ведрина
Година на издаване 1994
Печатница Враца : Полипринт
300 ## - Физическа характеристика
Страници 140 с.
Илюстрации и др. с ил.
Размери/Мащаб 20 см
380 ## - Жанр
Жанр Детска худож. лит.
500 ## - Общи забележки
Забележка 1. изд. 1969 на изд. Нар. култура. - 5 000 тир.
653 ## - Ключова дума – ненормативна
Ключова дума приказни повести
653 ## - Ключова дума – ненормативна
Ключова дума детска литература
653 ## - Ключова дума – ненормативна
Ключова дума литература за деца
700 1# - Други автори (авторска отговорност)
Лично име Божилова, Жени Панайотова
Автороска отговорност (Описва отношението между автора и произведението) прев. от англ.
9 (RLIN) 242591
700 1# - Други автори (авторска отговорност)
Лично име Лофтинг, Хю Джон
Автороска отговорност (Описва отношението между автора и произведението) ил.
9 (RLIN) 89675
852 ## - Местоположение
Форматна сигнатура Цб 262598
856 4# - Електронен адрес и достъп
Електронен формат pdf - файл
Път до файла /url/
Инструкция (цена за достъп) 0.44
Права за достъп disable
856 4# - Електронен адрес и достъп
Електронен формат pdf - файл
Път до файла /url/
Инструкция (цена за достъп) 0.44
Права за достъп disable
999 ## - СИСТЕМНИ КОНТРОЛНИ НОМЕРА
Koha biblionumber 545
Koha biblioitemnumber 545
942 ## - АРТИКУЛИ
Вид на библиотечния материал Книги
Скрит в OPAC Не
Koha issues (borrowed), all copies 29
Периодичен библиозапис Да
944 ## - СЪЗДАВАНЕ И РЕДАКЦИЯ на ЗАПИСА
Създаване/Редакция Създаване
Дата на регистрацията/редакция 15.01.2003
Служител, извършил регистрацията/редакцията Елица_Владова
944 ## - СЪЗДАВАНЕ И РЕДАКЦИЯ на ЗАПИСА
Създаване/Редакция Редакция
Дата на регистрацията/редакция 03.10.2013
999 ## - СИСТЕМНИ КОНТРОЛНИ НОМЕРА
Koha biblioitemnumber 545
Наличности
Код за отписване Код за изгубен артикул Източник на класификационната схема Код за повреда Коз за рестрикции Код за отдаване Артикулен № Име на библиотеката - собственик Име на библиотеката, в която се намира в момента Статус (Текущо местоположение) Дата на вписване в системата Местоположение - отдел Цена в лева Инвентарен номер Систематично азбучна сигнатура Баркод Номер на екземпляра Цена в евро Служебна бележка Служебен тип на артикула
  Не е изгубен Universal Decimal Classification Не е повреден без рестрикции ползва се в читалня 1080 Регионална библиотека "Любен Каравелов" Русе Регионална библиотека "Любен Каравелов" Русе Хранилище 1994-01-01 Хранилище 0.44 600645 Цб 262598 120000600645 1 0.22 N: 10 Дата: 01.01.1994 Книги
Изтеглен Не е изгубен Universal Decimal Classification Не е повреден без рестрикции заемане за дома 1081 Регионална библиотека "Любен Каравелов" Русе Регионална библиотека "Любен Каравелов" Русе Детски отдел 1994-01-01 Детски отдел 1.54 595549 ДХ 820/899/Л 84 595549 2 0.79 N: стар фонд Дата: 01.01.1994 Дата инв: 07.08.2015 Бележки инв: Д2015 Книги
Изтеглен Не е изгубен Universal Decimal Classification Не е повреден без рестрикции заемане за дома 1082 Регионална библиотека "Любен Каравелов" Русе Регионална библиотека "Любен Каравелов" Русе Детски отдел 1994-01-01 Детски отдел 1.54 595550 ДХ 820/899/Л 84 595550 3 0.79 N: стар фонд Дата: 01.01.1994 Дата инв: 07.08.2015 Бележки инв: Д2015 Книги
Изтеглен Не е изгубен Universal Decimal Classification Не е повреден без рестрикции заемане за дома 1083 Регионална библиотека "Любен Каравелов" Русе Регионална библиотека "Любен Каравелов" Русе Детски отдел 1994-01-01 Детски отдел 1.54 595551 ДХ 820/899/Л 84 120000595551 4 0.79 N: стар фонд Дата: 01.01.1994 Дата инв: 25.08.2015 Бележки инв: Д2015 Книги
  Не е изгубен Universal Decimal Classification Не е повреден без рестрикции заемане за дома 1084 Регионална библиотека "Любен Каравелов" Русе Регионална библиотека "Любен Каравелов" Русе Детски отдел 1994-01-01 Детски отдел 22.00 595552 ДХ 820/899/Л 84 120000595552 5 11.25 N: стар фонд Дата: 01.01.1994 Дата инв: 07.08.2015 Бележки инв: Д2015 Книги
Изтеглен Не е изгубен Universal Decimal Classification Не е повреден без рестрикции заемане за дома 1085 Регионална библиотека "Любен Каравелов" Русе Регионална библиотека "Любен Каравелов" Русе Детски отдел 1994-01-01 Детски отдел 0.44 600279 ДХ 820/899/Л 84 600279 6 0.22 N: стар фонд Дата: 01.01.1994 Дата инв: 28.09.2015 Бележки инв: Д2015 Книги
Vip Innovations Ltd, Rousse, Bulgaria 2025